ბათუმის შოთა რუსთაველის სახელმწიფო უნივერსიტეტის ბიბლიოთეკა

მეთოდური რეკომენდაციები : (ბიბ.ჩანაწერი № 56848)

000 -ლიდერი
ფიქსირებული სიგრძის საკონტროლო ველი 01532nam a22002297a 4500
003 - საკონტროლო ნომრის იდენტიფიკატორი
საკონტროლო ველი Ge_BSU
005 - ბოლო ოპერაციის თარიღი და დრო
საკონტროლო ველი 20210421182209.0
008 - ფიქსირებული სიგრძის მონაცემთა ელემენტები - ზოგადი ინფორმაცია
ფიქსირებული სიგრძის საკონტროლო ველი 190513b2019 ge ||||| |||| 00| 0 geo d
020 ## - წიგნის საერთაშორისო სტანდარტული ნომერი
International Standard Book Number 9789941462924
041 ## - ენის კოდი
Language code of text/sound track or separate title geo
080 ## - უნივერსალური ათობითი კლასიფიკაციის ინდექსი
Universal Decimal Classification number 811.161.1(072) +373.3(072) კ-25
100 ## - მთავარი ჩანაწერი - პიროვნების სახელი
Personal name კარანაძე , ირმა.
9 (RLIN) 1075
245 ## - ცნობა სათაურის შესახებ
Title მეთოდური რეკომენდაციები :
Statement of responsibility, etc ირმა კარანაძე, სარედ . ჯგუფი : ჟალე მამუჭაძე, ირმა შარაძე, ლალი მსხილაძე.
Remainder of title (დამხმარე კრებული რუსული ენის პედაგოგებისათვის) /
264 ## - წარმოების, გამოცემის, დისტრიბუციის და სხვა ცნობები
გამოცემის, წარმოების, დისტრიბუციის... ადგილი ბათუმი :
გამოცემის, წარმოების, დისტრიბუციის... სახელწოდება შოთა რუსთაველის უნ-ტის გამ-ბა,
გამოცემის, წარმოების, დისტრიბუციის... თარიღი 2019.
300 ## - ფიზიკური აღწერა
Extent 63 გვ .;
Dimensions 20 სმ.
653 ## - INDEX TERM--UNCONTROLLED
Uncontrolled term მეთოდური რეკომენდაციები : (დამხმარე კრებული რუსული ენის პედაგოგებისათვის)
653 ## - INDEX TERM--UNCONTROLLED
Uncontrolled term რუსული ენის სწავლება
700 ## - ADDED ENTRY--PERSONAL NAME
Personal name მამუჭაძე, ჟალე
Relator term სარედაქციო ჯგუფი
9 (RLIN) 1076
700 ## - ADDED ENTRY--PERSONAL NAME
Personal name შარაძე, ირმა
Relator term სარედაქციო ჯგუფი
9 (RLIN) 1077
700 ## - ADDED ENTRY--PERSONAL NAME
Personal name მსხილაძე , ლალი
Relator term სარედაქციო ჯგუფი
9 (RLIN) 1078
942 ## - ADDED ENTRY ELEMENTS (KOHA)
Source of classification or shelving scheme
Koha item type წიგნი
ეგზემპლარები
ჩამოწერის სტატუსი დაკარგული ეგზემპლარის სტატუსი კლასიფიკაციის წყარო ან თაროზე გაწყობის სქემა დაზიანების სტატუსი არ გაიცემა მუდმივი მდებარეობა (დაცვის ადგილი) ამჟამინდელი ადგილსამყოფელი თაროზე განთავსების ადგილი შეძენის თარიღი ღირებულება, შესყიდვის ნორმალური ფასი სრული შენახვის შიფრი შტრიხკოდი ბოლო ოპერაციის თარიღი ეგზემპლარის მიმდევრობითი ნომერი (კეტერი?) ფასის ძალაში შესვლის თარიღი ეგზემპლარის სახეობა საჯარო შენიშვნა
          ბათუმის შოთა რუსთაველის სახელმწიფო უნივერსიტეტის მთავარი ბიბლიოთეკა ბათუმის შოთა რუსთაველის სახელმწიფო უნივერსიტეტის მთავარი ბიბლიოთეკა წიგნსაცავი 2019-05-13 4.00 811.161.1(072) +373.3(072) კ-25 59680 2019-05-13 59680 2019-05-13 წიგნი 4 ლ.
          ბათუმის შოთა რუსთაველის სახელმწიფო უნივერსიტეტის მთავარი ბიბლიოთეკა ბათუმის შოთა რუსთაველის სახელმწიფო უნივერსიტეტის მთავარი ბიბლიოთეკა წიგნსაცავი 2019-05-13 4.00 811.161.1(072) +373.3(072) კ-25 59681 2019-05-13 59681 2019-05-13 წიგნი 4 ლ.